[Event "21. Torneo San Viator 2013"]
[Site "Madrid ESP"]
[Date "2013.11.10"]
[Round "8.8"]
[White "Navarro Gonzalez, Jaime"]
[Black "Crespo Villalba, Israel"]
[Result "0-1"]
[WhiteElo "1795"]
[BlackElo "1886"]
[PlyCount "94"]
[EventDate "2013.09.29"]
[EventType "swiss"]
[EventRounds "9"]
[EventCountry "ESP"]
[SourceTitle "Ajedrez en Madrid"]
[Source "lmi"]
[SourceDate "2013.09.29"]
[SourceVersion "1"]
[SourceVersionDate "2013.12.25"]
[SourceQuality "1"]

1. e4 d6 2. d4 Nf6 3. Bd3 g6 4. c4 Bg7 5. Nc3 O-O 6. Nf3 Bg4 7. h3 Bc8 8. O-O
e5 9. d5 Nbd7 10. Be3 Ne8 11. Qd2 f5 12. exf5 gxf5 13. Bh6 e4 14. Nxe4 fxe4 15.
Bxg7 Nxg7 16. Bxe4 Nc5 17. Bc2 Bf5 18. Nd4 Bxc2 19. Qxc2 Qf6 20. Rad1 Nf5 21.
Nb5 Rf7 22. b4 Na6 23. a3 c6 24. dxc6 bxc6 25. Qe4 d5 26. cxd5 cxb5 27. d6 Rd8
28. Qc6 Nb8 29. Qxb5 Nd7 30. Rd3 Ne5 31. Rd5 Nxd6 32. Qa5 Nb7 33. Rxd8+ Nxd8
34. f4 Ne6 35. Qxe5 Qxe5 36. fxe5 Rxf1+ 37. Kxf1 Nd4 38. a4 Kf7 39. Kf2 Nc6 40.
b5 Nxe5 41. a5 Nc4 42. b6 Nxb6 43. axb6 axb6 44. Ke3 Ke6 45. g4 Ke5 46. h4 b5
47. h5 h6 0-1

[Event "21. Torneo San Viator 2013"]
[Site "Madrid ESP"]
[Date "2013.11.10"]
[Round "8.10"]
[White "Luque Ibanez, Manuel"]
[Black "Bustos Bernardo, Samuel"]
[Result "1-0"]
[WhiteElo "2021"]
[BlackElo "1686"]
[PlyCount "55"]
[EventDate "2013.09.29"]
[EventType "swiss"]
[EventRounds "9"]
[EventCountry "ESP"]
[SourceTitle "Ajedrez en Madrid"]
[Source "lmi"]
[SourceDate "2013.09.29"]
[SourceVersion "1"]
[SourceVersionDate "2013.12.25"]
[SourceQuality "1"]

1. e4 e6 2. d4 d5 3. e5 c5 4. c3 Bd7 5. Nf3 cxd4 6. cxd4 Qb6 7. a3 Bb5 8. Nc3
Bxf1 9. Kxf1 Nc6 10. b4 Nge7 11. Qd3 Nf5 12. Ne2 Be7 13. b5 Na5 14. g4 Nh4 15.
Nxh4 Bxh4 16. g5 Qd8 17. Rg1 f6 18. gxf6 gxf6 19. Qf3 h5 20. Rg7 f5 21. Qg2 Be7
22. Qg6+ Kd7 23. Nf4 Qb6 24. Rxe7+ Kxe7 25. Qg7+ Kd8 26. Qxh8+ Kd7 27. Qxa8
Qxd4 28. Qd8+ 1-0

[Event "21. Torneo San Viator 2013"]
[Site "Madrid ESP"]
[Date "2013.11.10"]
[Round "8.11"]
[White "Lobato Rivero, Carlos"]
[Black "Zhynguel Ramirez De Verger, Al"]
[Result "1/2-1/2"]
[WhiteElo "2007"]
[BlackElo "1877"]
[PlyCount "55"]
[EventDate "2013.09.29"]
[EventType "swiss"]
[EventRounds "9"]
[EventCountry "ESP"]
[SourceTitle "Ajedrez en Madrid"]
[Source "lmi"]
[SourceDate "2013.09.29"]
[SourceVersion "1"]
[SourceVersionDate "2013.12.25"]
[SourceQuality "1"]

1. e4 c5 2. c3 Nf6 3. f3 d5 4. e5 Nfd7 5. d4 e6 6. Be3 Nc6 7. f4 Qb6 8. Qd2 c4
9. g4 Ne7 10. Bg2 Nb8 11. Ne2 Nbc6 12. Ng3 Bd7 13. Qc2 O-O-O 14. Nd2 Na5 15.
Kf2 Be8 16. b3 Qc7 17. Rhb1 f6 18. bxc4 Nxc4 19. Nxc4 Qxc4 20. a4 fxe5 21. Qb2
Rd7 22. Bf1 Qc7 23. dxe5 Nc6 24. a5 h5 25. g5 h4 26. Ne2 Bg6 27. Rc1 Rf7 28.
Kg1 1/2-1/2

[Event "21. Torneo San Viator 2013"]
[Site "Madrid ESP"]
[Date "2013.11.10"]
[Round "8.12"]
[White "Martin Mazuelo, Miguel"]
[Black "Villanueva Ortega, Ruben"]
[Result "1/2-1/2"]
[WhiteElo "1992"]
[BlackElo "1782"]
[PlyCount "114"]
[EventDate "2013.09.29"]
[EventType "swiss"]
[EventRounds "9"]
[EventCountry "ESP"]
[SourceTitle "Ajedrez en Madrid"]
[Source "lmi"]
[SourceDate "2013.09.29"]
[SourceVersion "1"]
[SourceVersionDate "2013.12.25"]
[SourceQuality "1"]

1. b3 e5 2. Bb2 Nc6 3. e3 d5 4. Bb5 Bd6 5. f4 Qe7 6. Nf3 Bg4 7. fxe5 Bxe5 8.
Bxe5 Bxf3 9. Qxf3 Qxe5 10. O-O Nf6 11. Nc3 O-O 12. Qh3 Ne7 13. Bd3 h6 14. Rf2
Ne4 15. Bxe4 dxe4 16. Raf1 Rad8 17. Qg4 f5 18. Qe2 Rf6 19. Nb5 a6 20. Na3 Qb2
21. Qc4+ Nd5 22. Qa4 b5 23. Qa5 f4 24. exf4 e3 25. dxe3 Nxe3 26. Re1 Rd1 27.
Rxd1 Nxd1 28. Rd2 Qc1 29. Rd8+ Kh7 30. Qd2 Qxa3 31. Qxd1 Qc5+ 32. Kh1 Rxf4 33.
Qd3+ Qf5 34. Qxf5+ Rxf5 35. Kg1 Rc5 36. Rd2 Rc3 37. Kf2 h5 38. Ke2 h4 39. Kd1
g5 40. Re2 Rc5 41. Re7+ Kg6 42. Re6+ Kf5 43. Rxa6 Rd5+ 44. Ke2 Rc5 45. Kd3 Rd5+
46. Ke3 Rc5 47. Ra5 c6 48. c4 Re5+ 49. Kf2 b4 50. Rxe5+ Kxe5 51. Kf3 Kf5 52. c5
g4+ 53. Ke3 Ke5 54. Kd3 Kd5 55. g3 h3 56. Ke3 Ke5 57. Kd3 Kd5 1/2-1/2

[Event "21. Torneo San Viator 2013"]
[Site "Madrid ESP"]
[Date "2013.11.10"]
[Round "8.13"]
[White "Garcia Sanjuan, Jose"]
[Black "Ruiz Sanchez, Roberto"]
[Result "0-1"]
[WhiteElo "1857"]
[BlackElo "1972"]
[PlyCount "116"]
[EventDate "2013.09.29"]
[EventType "swiss"]
[EventRounds "9"]
[EventCountry "ESP"]
[SourceTitle "Ajedrez en Madrid"]
[Source "lmi"]
[SourceDate "2013.09.29"]
[SourceVersion "1"]
[SourceVersionDate "2013.12.25"]
[SourceQuality "1"]

1. b3 d5 2. Bb2 Bg4 3. Nf3 Bxf3 4. exf3 e6 5. Qe2 a6 6. f4 Nf6 7. g4 Bc5 8. Bg2
O-O 9. g5 Nfd7 10. d4 Bd6 11. Qg4 Nc6 12. O-O Ne7 13. Nc3 c6 14. Ne2 Qb8 15.
Rad1 b5 16. Rd3 a5 17. Rh3 Re8 18. Bc1 b4 19. Ng3 g6 20. Qh4 Nf8 21. Qg4 a4 22.
Be3 axb3 23. axb3 Ra2 24. Rc1 Qb7 25. Qd1 Rea8 26. Bf1 Qb8 27. Rh4 R8a3 28. Bd3
Qa7 29. Kg2 Ra1 30. Ne2 Nf5 31. Rg4 c5 32. Bxf5 exf5 33. Rg3 Rxc1 34. Bxc1 Ra1
35. Qd3 Ne6 36. dxc5 Bxc5 37. Be3 d4 38. Bd2 Rd1 39. Rf3 Qb7 40. Kg3 Qe4 41. h4
Bd6 42. Kg2 Nc5 43. Qxd4 Qxd4 44. Nxd4 Rxd2 45. Nb5 Ne4 46. Nxd6 Rxd6 47. h5
gxh5 48. Rh3 Rd2 49. Rxh5 Rxf2+ 50. Kg1 Rxc2 51. Rh6 Rb2 52. Rb6 Rxb3 53. Rb5
Rb1+ 54. Kg2 b3 55. Rxf5 b2 56. Rb5 Nc3 57. Rb3 Nd1 58. f5 Rc1 0-1

[Event "21. Torneo San Viator 2013"]
[Site "Madrid ESP"]
[Date "2013.11.10"]
[Round "8.14"]
[White "Marcos Herrero, Francisco"]
[Black "Padin Lazaro, Jose Manuel"]
[Result "0-1"]
[WhiteElo "1949"]
[BlackElo "1837"]
[PlyCount "74"]
[EventDate "2013.09.29"]
[EventType "swiss"]
[EventRounds "9"]
[EventCountry "ESP"]
[SourceTitle "Ajedrez en Madrid"]
[Source "lmi"]
[SourceDate "2013.09.29"]
[SourceVersion "1"]
[SourceVersionDate "2013.12.25"]
[SourceQuality "1"]

1. d4 d5 2. c4 e6 3. Nf3 c5 4. cxd5 exd5 5. g3 Nc6 6. Bg2 Nf6 7. O-O Be7 8. Nc3
O-O 9. Bg5 c4 10. Ne5 Be6 11. Nxc6 bxc6 12. b3 Qa5 13. Qd2 Bb4 14. Bxf6 gxf6
15. Rfc1 Ba3 16. Rc2 Bf5 17. Nxd5 Qxd2 18. Rxd2 cxd5 19. Bxd5 c3 20. Rdd1 c2
21. Re1 Rad8 22. e4 Be6 23. Rac1 Bxc1 24. Rxc1 Bxd5 25. exd5 Rc8 26. Kf1 Rfd8
27. Ke2 Rxd5 28. Kd3 Rcd8 29. Rxc2 Rxd4+ 30. Ke3 a5 31. Rc5 a4 32. Rc8 axb3 33.
axb3 R4d6 34. Rc3 Rb6 35. h4 Rdb8 36. Ke4 Rxb3 37. Rc7 R8b4+ 0-1

[Event "21. Torneo San Viator 2013"]
[Site "Madrid ESP"]
[Date "2013.11.10"]
[Round "8.15"]
[White "Gutierrez Sanchez, Fernando"]
[Black "Lianes Garcia, Marcos"]
[Result "1-0"]
[WhiteElo "1945"]
[BlackElo "1775"]
[PlyCount "115"]
[EventDate "2013.09.29"]
[EventType "swiss"]
[EventRounds "9"]
[EventCountry "ESP"]
[SourceTitle "Ajedrez en Madrid"]
[Source "lmi"]
[SourceDate "2013.09.29"]
[SourceVersion "1"]
[SourceVersionDate "2013.12.25"]
[SourceQuality "1"]

1. Nf3 Nf6 2. g3 g6 3. Bg2 Bg7 4. O-O O-O 5. c4 d6 6. Nc3 Nbd7 7. d4 c5 8. Re1
a6 9. e4 Rb8 10. dxc5 Nxc5 11. Bf4 Nh5 12. Bg5 h6 13. Be3 Be6 14. Qe2 Qc7 15.
Nd5 Bxd5 16. exd5 Rfe8 17. Nd4 e5 18. dxe6 Nxe6 19. Qd3 Nc5 20. Qc2 Nf6 21.
Rad1 Ng4 22. Bd5 Nxe3 23. fxe3 Kh8 24. Rf1 Re7 25. b4 Nd7 26. Rxf7 Ne5 27. Ne6
Qd7 28. Rxe7 Qxe7 29. Nxg7 Kxg7 30. Rf1 Rf8 31. Rxf8 Kxf8 32. Qe4 b6 33. Qf4+
Kg7 34. Qd4 Qc7 35. a4 a5 36. bxa5 bxa5 37. Qb2 Qa7 38. Kf2 Qc7 39. Qb5 Nd7 40.
Qb7 Qxb7 41. Bxb7 Kf6 42. Bd5 Nc5 43. Bc6 Ke5 44. Kf3 Ne6 45. h4 Kf5 46. Bd7 g5
47. hxg5 hxg5 48. g4+ Ke5 49. Bxe6 Kxe6 50. Ke4 Kf6 51. Kd5 Ke7 52. e4 Kd7 53.
e5 dxe5 54. Kxe5 Kc6 55. Kd4 Kd6 56. c5+ Ke6 57. Kc4 Ke5 58. Kb5 1-0

[Event "21. Torneo San Viator 2013"]
[Site "Madrid ESP"]
[Date "2013.11.10"]
[Round "8.16"]
[White "Garcia Martin, Esteban"]
[Black "Soto Martin, Pablo"]
[Result "1-0"]
[WhiteElo "1892"]
[BlackElo "1740"]
[PlyCount "115"]
[EventDate "2013.09.29"]
[EventType "swiss"]
[EventRounds "9"]
[EventCountry "ESP"]
[SourceTitle "Ajedrez en Madrid"]
[Source "lmi"]
[SourceDate "2013.09.29"]
[SourceVersion "1"]
[SourceVersionDate "2013.12.25"]
[SourceQuality "1"]

1. c4 e5 2. Nc3 Nc6 3. g3 d6 4. Bg2 g6 5. d3 Bg7 6. e4 f5 7. Nge2 Nf6 8. O-O
O-O 9. Rb1 Be6 10. Nd5 Qd7 11. b4 fxe4 12. dxe4 Ne7 13. Qd3 c6 14. Nxf6+ Bxf6
15. Bh6 Bg7 16. Bxg7 Kxg7 17. f4 Qc7 18. Qc3 Kg8 19. Rb2 a5 20. a3 axb4 21.
axb4 Ra4 22. c5 dxc5 23. Qxc5 exf4 24. Nxf4 Bf7 25. Rbf2 Raa8 26. Bh3 b6 27.
Ne6 bxc5 28. Nxc7 Rab8 29. Ne6 Bxe6 30. Bxe6+ Kg7 31. Rf7+ Rxf7 32. Rxf7+ Kh6
33. Rxe7 cxb4 34. Bb3 Rc8 35. Rb7 c5 36. Bc4 g5 37. Kf2 Kg6 38. Ke3 h6 39. Rb6+
Kg7 40. e5 Rc7 41. Ke4 Rd7 42. Rd6 Rb7 43. Bb3 Ra7 44. Kd5 Ra3 45. Kc4 Ra5 46.
Rd5 Kg6 47. Rxc5 Ra1 48. Kxb4 Re1 49. e6 Kf6 50. Rc2 Re5 51. Rf2+ Kg6 52. Bc4
h5 53. Kc3 h4 54. Kd4 Re1 55. gxh4 gxh4 56. Kd5 Kg5 57. Re2 Rd1+ 58. Ke5 1-0

[Event "21. Torneo San Viator 2013"]
[Site "Madrid ESP"]
[Date "2013.11.10"]
[Round "8.17"]
[White "Perez Calahorra, Ricardo"]
[Black "Sorribes Calle, Pablo"]
[Result "1-0"]
[WhiteElo "2126"]
[BlackElo "1682"]
[PlyCount "40"]
[EventDate "2013.09.29"]
[EventType "swiss"]
[EventRounds "9"]
[EventCountry "ESP"]
[SourceTitle "Ajedrez en Madrid"]
[Source "lmi"]
[SourceDate "2013.09.29"]
[SourceVersion "1"]
[SourceVersionDate "2013.12.25"]
[SourceQuality "1"]

1. e4 c5 2. c3 Nc6 3. d4 cxd4 4. cxd4 e6 5. Nc3 d5 6. e5 a6 7. Be3 Nge7 8. Bd3
Ng6 9. Nge2 Be7 10. Rc1 O-O 11. h4 f5 12. h5 f4 13. Bd2 f3 14. hxg6 fxe2 15.
gxh7+ Kh8 16. Nxe2 Qb6 17. Nf4 Rxf4 18. Bxf4 Bd7 19. Be3 Rf8 20. Rh3 Qxb2 1-0

[Event "21. Torneo San Viator 2013"]
[Site "Madrid ESP"]
[Date "2013.11.10"]
[Round "8.18"]
[White "Madurga Lopez, Ignacio"]
[Black "Leniz Martinez, Francisco"]
[Result "1-0"]
[WhiteElo "2074"]
[BlackElo "1779"]
[PlyCount "51"]
[EventDate "2013.09.29"]
[EventType "swiss"]
[EventRounds "9"]
[EventCountry "ESP"]
[SourceTitle "Ajedrez en Madrid"]
[Source "lmi"]
[SourceDate "2013.09.29"]
[SourceVersion "1"]
[SourceVersionDate "2013.12.25"]
[SourceQuality "1"]

1. e4 e6 2. d4 d5 3. e5 c5 4. c3 Nc6 5. Nf3 Bd7 6. a3 f6 7. Bd3 Qc7 8. Bf4 cxd4
9. cxd4 fxe5 10. Nxe5 Nxe5 11. Bxe5 Qa5+ 12. Nc3 Nf6 13. b4 Qd8 14. Nb5 Bxb5
15. Bxb5+ Kf7 16. Rc1 Rc8 17. O-O Be7 18. Qd2 Qb6 19. Bd3 g6 20. h4 Rhe8 21.
Qf4 Rxc1 22. Rxc1 Bd8 23. g4 Kg8 24. Bxf6 Bxf6 25. Qxf6 Qd6 26. Re1 1-0

[Event "21. Torneo San Viator 2013"]
[Site "Madrid ESP"]
[Date "2013.11.10"]
[Round "8.19"]
[White "Sirera Ripoll, Jose"]
[Black "Garcia-Ruiz Fuentes, Angel M"]
[Result "0-1"]
[WhiteElo "1726"]
[BlackElo "2042"]
[PlyCount "98"]
[EventDate "2013.09.29"]
[EventType "swiss"]
[EventRounds "9"]
[EventCountry "ESP"]
[SourceTitle "Ajedrez en Madrid"]
[Source "lmi"]
[SourceDate "2013.09.29"]
[SourceVersion "1"]
[SourceVersionDate "2013.12.25"]
[SourceQuality "1"]

1. e4 c6 2. d4 d5 3. Nc3 dxe4 4. Nxe4 Nf6 5. Nxf6+ gxf6 6. g3 Qd5 7. Nf3 Bg4 8.
Bg2 Nd7 9. h3 Bh5 10. g4 Bg6 11. Qe2 O-O-O 12. c4 Qd6 13. Be3 Qb4+ 14. Nd2 h5
15. f4 hxg4 16. hxg4 Rxh1+ 17. Bxh1 Qxb2 18. Nb3 Qc3+ 19. Kf2 Bd3 20. Qd1 Nb6
21. Rc1 Qb2+ 22. Qd2 Qxd2+ 23. Nxd2 e6 24. Rc3 Bg6 25. d5 Na4 26. Rc1 Ba3 27.
Re1 Bc5 28. Nb3 Bb4 29. Rc1 Nb2 30. Ke2 Bd3+ 31. Kf2 Bxc4 32. Rxc4 Nxc4 33.
dxc6 b6 34. Bd4 Rxd4 35. Nxd4 Bc5 36. Ke2 Bxd4 37. Kd3 Ne3 38. Kxd4 Nxg4 39.
Kc3 Kc7 40. Kb4 Nf2 41. Bf3 Nd3+ 42. Kb5 Nxf4 43. Ka6 f5 44. Kxa7 Nd5 45. Bh5
f6 46. Bf7 Nf4 47. Be8 e5 48. Bd7 e4 49. Bxf5 e3 0-1

[Event "21. Torneo San Viator 2013"]
[Site "Madrid ESP"]
[Date "2013.11.10"]
[Round "8.20"]
[White "Rodriguez Bittar, Karim Javier"]
[Black "Gonzalez Mateos, Rafael"]
[Result "1-0"]
[WhiteElo "1741"]
[BlackElo "2006"]
[PlyCount "103"]
[EventDate "2013.09.29"]
[EventType "swiss"]
[EventRounds "9"]
[EventCountry "ESP"]
[SourceTitle "Ajedrez en Madrid"]
[Source "lmi"]
[SourceDate "2013.09.29"]
[SourceVersion "1"]
[SourceVersionDate "2013.12.25"]
[SourceQuality "1"]

1. e4 e6 2. d3 d5 3. Nd2 c5 4. g3 g6 5. Bg2 Bg7 6. Ngf3 Ne7 7. O-O Nbc6 8. Re1
b6 9. c3 a5 10. Qc2 Ba6 11. h4 h6 12. Nf1 dxe4 13. dxe4 Qd3 14. Qb3 Qc4 15. Bf4
Qxb3 16. axb3 e5 17. Be3 O-O 18. Rad1 Rfd8 19. N1h2 Rxd1 20. Rxd1 Rd8 21. Rxd8+
Nxd8 22. Ng4 Ndc6 23. Nxh6+ Bxh6 24. Bxh6 f5 25. Nd2 Bd3 26. exf5 gxf5 27. Bg5
e4 28. Bxe7 Nxe7 29. Bf1 Bxf1 30. Kxf1 b5 31. Ke2 Kf7 32. f3 exf3+ 33. Kxf3 Nc6
34. Kf4 Kf6 35. g4 fxg4 36. Ne4+ Kg6 37. Nxc5 Kh5 38. Kg3 Ne7 39. Ne4 Nf5+ 40.
Kf4 Nxh4 41. Ng3+ Kg6 42. Kxg4 Ng2 43. Kf3 Ne1+ 44. Ke2 Nc2 45. Nf1 Kf5 46. Kd1
Na1 47. Nd2 Ke5 48. Kc1 a4 49. bxa4 bxa4 50. Kb1 Nb3 51. Nxb3 axb3 52. Kc1 1-0

[Event "21. Torneo San Viator 2013"]
[Site "Madrid ESP"]
[Date "2013.11.10"]
[Round "8.21"]
[White "Garcia Galeote, Lorenzo"]
[Black "Rodriguez Alonso, Marcos"]
[Result "0-1"]
[WhiteElo "1987"]
[BlackElo "1666"]
[PlyCount "76"]
[EventDate "2013.09.29"]
[EventType "swiss"]
[EventRounds "9"]
[EventCountry "ESP"]
[SourceTitle "Ajedrez en Madrid"]
[Source "lmi"]
[SourceDate "2013.09.29"]
[SourceVersion "1"]
[SourceVersionDate "2013.12.25"]
[SourceQuality "1"]

1. d4 d5 2. Nf3 Nc6 3. Bf4 Bf5 4. c4 e6 5. Nc3 Bb4 6. e3 Nge7 7. a3 Bxc3+ 8.
bxc3 h6 9. Bd3 Bxd3 10. Qxd3 dxc4 11. Qxc4 Ng6 12. Bg3 O-O 13. O-O Rc8 14. Qb5
Rb8 15. Rab1 Qe7 16. Rb3 a6 17. Qa4 b5 18. Qxa6 Rb6 19. Qxb6 cxb6 20. Rxb5 Qxa3
21. c4 Na5 22. Rxb6 Nxc4 23. Rc6 Qa4 24. Rc7 Nb6 25. Rcc1 Nd5 26. Ra1 Qd7 27.
h3 Rc8 28. Ra6 Nf6 29. Rfa1 Ne4 30. Ra7 Qe8 31. Be5 Nc3 32. Rb7 Nxe5 33. Nxe5
Ra8 34. Rxa8 Qxa8 35. Rxf7 Qa1+ 36. Kh2 Ne2 37. h4 Qg1+ 38. Kh3 h5 0-1

[Event "21. Torneo San Viator 2013"]
[Site "Madrid ESP"]
[Date "2013.11.10"]
[Round "8.22"]
[White "Sotoca Aguado, Jose"]
[Black "Castro Uceda, Jose Antonio"]
[Result "1/2-1/2"]
[WhiteElo "1961"]
[BlackElo "1625"]
[PlyCount "116"]
[EventDate "2013.09.29"]
[EventType "swiss"]
[EventRounds "9"]
[EventCountry "ESP"]
[SourceTitle "Ajedrez en Madrid"]
[Source "lmi"]
[SourceDate "2013.09.29"]
[SourceVersion "1"]
[SourceVersionDate "2013.12.25"]
[SourceQuality "1"]

1. d4 d5 2. Nf3 e6 3. g3 Nf6 4. Bg2 c5 5. e3 c4 6. O-O Bd6 7. Nc3 O-O 8. Ne5 a6
9. a4 Qc7 10. f4 Nc6 11. Kh1 Bb4 12. Qe2 Rb8 13. Nd1 Bd6 14. Nf2 b5 15. axb5
axb5 16. c3 Bb7 17. g4 Ne7 18. Bd2 Ra8 19. Bf3 Rxa1 20. Rxa1 Ra8 21. Qe1 Ra4
22. Rxa4 bxa4 23. Qa1 Bc6 24. Nxc6 Qxc6 25. Bd1 Qb6 26. Bxa4 Qa5 27. Qd1 h6 28.
Bc2 Nc8 29. Kg2 Qa8 30. Qb1 g5 31. h3 Qb8 32. Kf3 Ne7 33. b4 cxb3 34. Qxb3 Qa8
35. Qa4 Qb7 36. Bc1 Nc8 37. Bd3 Nb6 38. Qb5 Qc7 39. Bd2 Kg7 40. Qb3 Kg8 41. Bc1
Qa7 42. Bb1 Nc4 43. Qa2 Qb7 44. Bd3 Kg7 45. Bc2 Kg8 46. Nd3 Ne4 47. Qa1 Kg7 48.
Ne5 Nxe5+ 49. fxe5 Be7 50. Bd3 f5 51. gxf5 exf5 52. Qa5 Qd7 53. Qb5 g4+ 54. Kg2
gxh3+ 55. Kh2 Qe6 56. Bxe4 fxe4 57. Qf1 Qg4 58. Bd2 Bg5 1/2-1/2

[Event "21. Torneo San Viator 2013"]
[Site "Madrid ESP"]
[Date "2013.11.10"]
[Round "8.23"]
[White "Martin Garcia, Francisco Javie"]
[Black "Perez Sempere, Alberto"]
[Result "0-1"]
[WhiteElo "1676"]
[BlackElo "1875"]
[PlyCount "44"]
[EventDate "2013.09.29"]
[EventType "swiss"]
[EventRounds "9"]
[EventCountry "ESP"]
[SourceTitle "Ajedrez en Madrid"]
[Source "lmi"]
[SourceDate "2013.09.29"]
[SourceVersion "1"]
[SourceVersionDate "2013.12.25"]
[SourceQuality "1"]

1. e4 c5 2. Nf3 Nc6 3. d4 cxd4 4. Nxd4 Nf6 5. f3 g6 6. c4 Bg7 7. Be3 O-O 8. Nc3
d6 9. Be2 Bd7 10. O-O a6 11. Rc1 Rc8 12. Qd2 Re8 13. Rfd1 Nxd4 14. Bxd4 Bc6 15.
Be3 Qa5 16. b3 Qh5 17. Nd5 Nxd5 18. cxd5 Bd7 19. f4 Bg4 20. Bxg4 Qxg4 21. Qf2
Rc3 22. Rxc3 Qxd1+ 0-1

[Event "21. Torneo San Viator 2013"]
[Site "Madrid ESP"]
[Date "2013.11.10"]
[Round "8.24"]
[White "Barahona Torrijos, Angel"]
[Black "Sancho Castiello, Federico"]
[Result "1-0"]
[WhiteElo "1867"]
[BlackElo "2140"]
[PlyCount "39"]
[EventDate "2013.09.29"]
[EventType "swiss"]
[EventRounds "9"]
[EventCountry "ESP"]
[SourceTitle "Ajedrez en Madrid"]
[Source "lmi"]
[SourceDate "2013.09.29"]
[SourceVersion "1"]
[SourceVersionDate "2013.12.25"]
[SourceQuality "1"]

1. e4 c5 2. a3 b6 3. Bc4 Bb7 4. Nf3 e6 5. Nc3 d5 6. Bb5+ Bc6 7. exd5 exd5 8.
O-O Bxb5 9. Re1+ Be7 10. Nxb5 a6 11. Nc3 Nf6 12. d4 O-O 13. Ne5 c4 14. Bg5 h6
15. Bxf6 gxf6 16. Qg4+ Kh7 17. Qf5+ Kg7 18. Ng4 Nc6 19. Nxd5 Nxd4 20. Qh5 1-0

[Event "21. Torneo San Viator 2013"]
[Site "Madrid ESP"]
[Date "2013.11.10"]
[Round "8.25"]
[White "Gil Calvente, Jose Antonio"]
[Black "Linares Leyva, David"]
[Result "1/2-1/2"]
[WhiteElo "1661"]
[BlackElo "1852"]
[PlyCount "108"]
[EventDate "2013.09.29"]
[EventType "swiss"]
[EventRounds "9"]
[EventCountry "ESP"]
[SourceTitle "Ajedrez en Madrid"]
[Source "lmi"]
[SourceDate "2013.09.29"]
[SourceVersion "1"]
[SourceVersionDate "2013.12.25"]
[SourceQuality "1"]

1. d4 d5 2. Nf3 e6 3. e3 c5 4. c3 a6 5. a4 Nf6 6. Bd3 Nbd7 7. Nbd2 Be7 8. O-O
O-O 9. e4 dxe4 10. Nxe4 Nxe4 11. Bxe4 Nf6 12. Bb1 cxd4 13. Nxd4 e5 14. Nf5 Bxf5
15. Bxf5 Qxd1 16. Rxd1 Rad8 17. Bg5 h6 18. Bxf6 Bxf6 19. a5 Rxd1+ 20. Rxd1 Rd8
21. Rxd8+ Bxd8 22. Bc8 b6 23. axb6 Bxb6 24. Bxa6 Kf8 25. b4 Ke7 26. c4 Bd4 27.
c5 Kd7 28. Bb7 Kc7 29. Bd5 f6 30. Kf1 h5 31. Ke2 Bc3 32. b5 Bd4 33. b6+ Kb8 34.
b7 Bxc5 35. f3 Bg1 36. h3 h4 37. Kd3 Bh2 38. Kc4 Bf4 39. Kb5 Kc7 40. Ka6 Be3
41. Kb5 Bf4 42. Ka6 Be3 43. Be6 Kb8 44. Bc8 Bf2 45. Kb5 Be3 46. Kc6 Bh6 47. Bf5
Bf4 48. Be4 Bg5 49. Kd7 Bh6 50. Ke6 Kc7 51. Kf5 Kb8 52. Kg4 Bg5 53. g3 hxg3 54.
Kxg3 Bf4+ 1/2-1/2

[Event "21. Torneo San Viator 2013"]
[Site "Madrid ESP"]
[Date "2013.11.10"]
[Round "8.26"]
[White "Savchuk, Olga"]
[Black "Jimenez Gonzalez, Marcos"]
[Result "0-1"]
[WhiteElo "1572"]
[BlackElo "1847"]
[PlyCount "88"]
[EventDate "2013.09.29"]
[EventType "swiss"]
[EventRounds "9"]
[EventCountry "ESP"]
[SourceTitle "Ajedrez en Madrid"]
[Source "lmi"]
[SourceDate "2013.09.29"]
[SourceVersion "1"]
[SourceVersionDate "2013.12.25"]
[SourceQuality "1"]

1. e4 c6 2. d4 d5 3. exd5 cxd5 4. Nf3 Nc6 5. Be2 Bg4 6. O-O Nf6 7. b3 e6 8. Bb2
Bd6 9. Nbd2 O-O 10. h3 Bh5 11. c4 Rc8 12. Ne5 Bxe2 13. Qxe2 Re8 14. Ndf3 Ne4
15. Nd2 Nxd2 16. Qxd2 Bxe5 17. dxe5 dxc4 18. Qxd8 Rexd8 19. bxc4 Rd2 20. Rab1
b6 21. Rfd1 Rcd8 22. Rxd2 Rxd2 23. c5 bxc5 24. Ba3 Rd5 25. Rb7 h6 26. f4 a5 27.
Rc7 Nb4 28. Kh2 Rd3 29. Bc1 Nxa2 30. Rxc5 Nxc1 31. Rxc1 a4 32. Rc8+ Kh7 33. Ra8
Ra3 34. g4 Ra1 35. Kg3 a3 36. Kh4 a2 37. Ra6 Rf1 38. Rxa2 Rxf4 39. Ra5 Rf3 40.
g5 hxg5+ 41. Kxg5 Rxh3 42. Ra7 Rf3 43. Ra5 Rf5+ 44. Kg4 f6 0-1

[Event "21. Torneo San Viator 2013"]
[Site "Madrid ESP"]
[Date "2013.11.10"]
[Round "8.28"]
[White "Tevar Becerra, Alvaro"]
[Black "Magan Gonzalez, Alberto"]
[Result "0-1"]
[WhiteElo "1647"]
[BlackElo "1891"]
[PlyCount "42"]
[EventDate "2013.09.29"]
[EventType "swiss"]
[EventRounds "9"]
[EventCountry "ESP"]
[SourceTitle "Ajedrez en Madrid"]
[Source "lmi"]
[SourceDate "2013.09.29"]
[SourceVersion "1"]
[SourceVersionDate "2013.12.25"]
[SourceQuality "1"]

1. e4 c5 2. Nf3 d6 3. Bb5+ Nd7 4. O-O e5 5. c3 Ngf6 6. Re1 Be7 7. d4 O-O 8.
Bxd7 Nxd7 9. d5 h6 10. h3 Qe8 11. Nh2 f5 12. exf5 Rxf5 13. Re3 Bg5 14. Rg3 Bf4
15. Bxf4 exf4 16. Rd3 Ne5 17. Rd2 Qg6 18. f3 Rg5 19. Kh1 Nc4 20. Re2 Ne3 21.
Qg1 Bxh3 0-1

[Event "21. Torneo San Viator 2013"]
[Site "Madrid ESP"]
[Date "2013.11.10"]
[Round "8.29"]
[White "Jimenez Elices, Jose Maria"]
[Black "Dorado Reboredo, Jose Maria"]
[Result "1-0"]
[WhiteElo "1872"]
[BlackElo "1678"]
[PlyCount "105"]
[EventDate "2013.09.29"]
[EventType "swiss"]
[EventRounds "9"]
[EventCountry "ESP"]
[SourceTitle "Ajedrez en Madrid"]
[Source "lmi"]
[SourceDate "2013.09.29"]
[SourceVersion "1"]
[SourceVersionDate "2013.12.25"]
[SourceQuality "1"]

1. e4 d5 2. exd5 Qxd5 3. Nc3 Qa5 4. d4 Nf6 5. Nf3 Bf5 6. Bc4 e6 7. O-O c6 8.
Re1 Bd6 9. d5 cxd5 10. Nxd5 Nxd5 11. Bxd5 Qc7 12. Nd4 O-O 13. Nxf5 Bxh2+ 14.
Kh1 exf5 15. g3 Bxg3 16. fxg3 Nc6 17. Bf4 Qb6 18. Bg2 Rad8 19. Qh5 Qxb2 20.
Bxc6 bxc6 21. Qxf5 Rd5 22. Qe4 Qb6 23. Kg2 Qc5 24. Rad1 Rxd1 25. Rxd1 Qh5 26.
Rh1 Qg6 27. Qxg6 fxg6 28. Rd1 Rf5 29. Rd8+ Kf7 30. Rd7+ Ke6 31. Rd6+ Ke7 32.
Rxc6 Ra5 33. a3 Rxa3 34. Bd6+ Kd7 35. Bxa3 Kxc6 36. Bf8 a5 37. Bxg7 a4 38. Bf8
Kd5 39. Kf3 Ke5 40. Kg4 Kf6 41. Kf4 h5 42. Ba3 g5+ 43. Ke4 h4 44. g4 h3 45. Kf3
h2 46. Kg2 Ke5 47. c4 Kd4 48. c5 Kd5 49. Kxh2 Ke5 50. Kg3 Kd5 51. Kf3 Ke5 52.
c6 Ke6 53. Ke4 1-0